000 00534nam a2200205Ia 4500
005 20250326144744.0
008 250326s9999 xx 000 0 und d
020 _a81-7656-940-2
037 _aTextbook
040 _aFMSL
_beng
_cFMSL
041 _aeng
_2eng
084 _aD658(2:55) P4
_qFMSL
100 _aKanetkar Y P
_9750060
245 0 _aLet us C
_cKanetkar Y P
250 _a5
260 _aNew Delhi
_bNew Delhi, BPB
_c2004
300 _a741p
942 _cTB
_hD658(2:55) P4
999 _c1304903
_d1304903